Statystyki dla Wszystkie piosenki - Quebonafide

Kliknij tutaj aby rozwiązać quiz!

Ogólne statystyki

  • Ten quiz został rozwiązany 94 razy
    (78 od ostatniego zresetowania)
  • Średni wynik to 51 z 114

Statystyki odpowiedzi

HintOdpowiedź% Poprawnych
ROMANTIC PSYCHOBUBBLETEA (feat. Daria Zawiałow)
84%
Dla fanek euforiiCandy (feat. Klaudia Szafrańska)
82%
Soma 0,5 mg (z Taco Hemingway)Kryptowaluty
82%
Soma 0,5 mg (z Taco Hemingway)Tamagotchi
82%
0,25 mg (z Taco Hemingway)Tamagotchi [Remix] (feat. Dawid Podsiadło)
82%
Soma 0,5 mg (z Taco Hemingway)8 kobiet
80%
0,25 mg (z Taco Hemingway)8 kobiet [Remix] (feat. Bedoes)
80%
Dla fanów eklektykiHalf Dead (feat. Reto)
80%
EgzotykaMadagaskar
78%
Dla fanek euforiiBogini
76%
ROMANTIC PSYCHOROMANTICPSYCHO (feat. Taco Hemingway)
76%
EgzotykaZorza
76%
ROMANTIC PSYCHOTOKYO2020 (feat. Taco Hemingway)
75%
ROMANTIC PSYCHOJESIEŃ (feat. Natalia Szroeder)
71%
EgzotykaC'est la vie
69%
ROMANTIC PSYCHOSZUBIENICAPESTYCYDYBROŃ
69%
Soma 0,5 mg (z Taco Hemingway)Visa
69%
0,25 mg (z Taco Hemingway)Visa [Remix] (feat. KęKę)
69%
EgzotykaArabska noc (feat. Solar & Wac Toja)
67%
EzoterykaHype (feat. Chris Carson)
67%
EgzotykaQuebahombre
67%
ROMANTIC PSYCHOGAZPROM (feat. Sokół)
65%
Soma 0,5 mg (z Taco Hemingway)Art-B
63%
EgzotykaBollywood (feat. Czesław Mozil)
63%
EgzotykaMiędzy słowami (feat. Young Lungs)
63%
EgzotykaOdyseusz (feat. DJ Flip)
63%
Soma 0,5 mg (z Taco Hemingway)Soma
63%
ROMANTIC PSYCHOASPARTAM (feat. Mata)
61%
Soma 0,5 mg (z Taco Hemingway)Intro
61%
ROMANTIC PSYCHOŚWIATTOMÓJPLACZABAW (feat. Sentino)
61%
Soma 0,5 mg (z Taco Hemingway)Ekodiesel
59%
0,25 mg (z Taco Hemingway)Ekodiesel [Remix] (feat. PlanBe)
59%
ROMANTIC PSYCHONIEPŁACZĘPONOTREDAME (feat. Bedoes)
59%
0,25 mg (z Taco Hemingway)Outro
59%
Dla fanek euforii | Dla fanów eklektykiLove
57%
EgzotykaLuis Nazario de Lima (feat. DJ Ike)
57%
EgzotykaOh My Buddha
57%
EgzotykaSzejk
57%
EgzotykaBumerang
55%
Dla fanek euforiiKawa i Xanax (feat. PlanBe)
55%
Soma 0,5 mg (z Taco Hemingway)Nóż
55%
ROMANTIC PSYCHO (Japan Edition)ZŁOTEGLOBY (feat. Kukon) - Bonus Track #2
55%
EgzotykaChanga (feat. Ifani)
53%
Soma 0,5 mg (z Taco Hemingway)Metallica 808
53%
Dla fanów eklektykiPablo (feat. Paluch)
53%
EklektykaManekin (feat. Hary)
51%
Soma 0,5 mg (z Taco Hemingway)Sectumsempra
51%
0,25 mg (z Taco Hemingway)C3PO
47%
EgzotykaTo nie jest hip-hop (feat. The Returners & KRS-One)
47%
Soma 0,5 mg (z Taco Hemingway)Wiem
47%
0,25 mg (z Taco Hemingway)Wiem [Remix] (feat. Kaz Bałagane)
47%
EzoterykaŻadnych zmartwień (feat. Kuban & Kuba Knap)
47%
ROMANTIC PSYCHOCOJESTMAŁPY (feat. Smarki Smark)
45%
0,25 mg (z Taco Hemingway)Moje demony uciekły na urlop (feat. Białas)
45%
Soma 0,5 mg (z Taco Hemingway)PIN
45%
ROMANTIC PSYCHOPRZYTOBIE
45%
ROMANTIC PSYCHOTĘSKNIEZASTARYMKANYE (feat. Natalia Szroeder)
45%
Dla fanów eklektykiZnaki zapytania (feat. The Returners & Eripe)
45%
Dla fanek euforiiHypebae (feat. Young Igi)
43%
Dla fanek euforiiNoc w noc (feat. PlanBe & Szopeen)
43%
0,25 mg (z Taco Hemingway)TLC
43%
Dla fanów eklektykiBDSM
41%
0,25 mg (z Taco Hemingway)Benevento
41%
Dla fanek euforiiCo jest ze mną
41%
ROMANTIC PSYCHO (Japan Edition)CZŁOWIEKZKSIĘŻYCA - Bonus Track #3
41%
0,25 mg (z Taco Hemingway)Leonardo
41%
Soma 0,5 mg (z Taco Hemingway)Mleko & miód
41%
ROMANTIC PSYCHOŁAJZA (feat. Mrozu)
39%
EzoterykaVoodoo
39%
ErotykaVoodoo - Remix (feat. Guzior, Kuban & VNM)
39%
Soma 0,5 mg (z Taco Hemingway)Giro d'Italia
37%
Dla fanów eklektykiPieskie życie
37%
ROMANTIC PSYCHOTOWSZYSTKOBYŁODLACIEBIE (feat. Ralph Kaminski)
35%
ROMANTIC PSYCHOAJETLAGTOMÓJNOWYDRAG (feat. Kiełas)
33%
EklektykaAvengers (feat. DJ Klasyk & Eripe)
33%
EklektykaEden Hazard (feat. Muflon)
33%
EzoterykaKyrie eleison (feat. Guzior)
33%
EzoterykaCiernie (feat. Deys)
31%
ErotykaCiernie - Remix (feat. Deys)
31%
EzoterykaIle mogłem (feat. K-Leah)
31%
EzoterykaTrip
31%
Dla fanów eklektykiAnkh (feat. Białas)
29%
ROMANTIC PSYCHORUMPELSTILSKIN (feat. Vito Bambino)
29%
EzoterykaPaulo Coelho
27%
EzoterykaCiuchy, kobiety... (feat. Chris Carson, Sitek, Ras & Dwa Sławy)
25%
ErotykaCiuchy, kobiety... - SBM Remix (feat. ADM, Białas, Danny, Solar & TomB)
25%
ROMANTIC PSYCHO (Japan Edition)JESTEMKURWACZARODZIEJEM - Bonus Track #1
25%
EklektykaKostka Rubika (feat. Neile)
25%
EklektykaOpen Bar (feat. Białas & TomB)
25%
EklektykaRock'n'Roller 2
25%
EklektykaCodzienność (feat. Danny)
24%
EzoterykaHarry Angel
24%
EklektykaLara Croft
20%
EklektykaMiszmasz freestyle
20%
EzoterykaPowszechny i śmiertelny
18%
EzoterykaŚwiatłowstręt (feat. DJ Ike)
18%
EzoterykaTarot (feat. Justyna Kuśmierczyk)
18%
EzoterykaVanilla Sky (feat. Ten Typ Mes)
18%
Eklektyka25 godzina (feat. Diset & TrooM)
16%
EklektykaBlockbuster (feat. TomB)
16%
EzoterykaCarnival
16%
EklektykaHossa (feat. Trzy Sześć)
14%
EklektykaPolis (feat. DJ Długi)
14%
ErotykaImponderabilia
12%
ErotykaLoki (feat. Kartky)
12%
ErotykaSukces? (Errata)
12%
ErotykaJackass
10%
ErotykaJackass - Remix
10%
ErotykaSolipsyzm
10%
ErotykaPareidolia
8%
ErotykaPijmy wino za kolegów (feat. Cywinsky & K-Leah)
8%
ErotykaCotidie Morimur
6%
ErotykaHouse of Cards (feat. K-Leah)
6%

Rozkład punktacji

Percentyl według liczby udzielonych odpowiedzi

Procent ludzi z każdym wynikiem

Twoja historia wyników

Nie rozwiązałeś tego quizu od ostatniego zresetowania